| 000 | 00891cam a2200277 i 4500 | ||
|---|---|---|---|
| 001 | bg | ||
| 003 | BPK | ||
| 005 | 20200426152353.0 | ||
| 008 | 000114s1980 pl a f |000 0 pol | ||
| 015 | _aPB 1981/514 | ||
| 020 | _a8301020113 | ||
| 035 | _a(OCoLC)830249296 | ||
| 040 |
_aWA N _cWA N |
||
| 041 | 0 | _apol | |
| 080 | _a532 | ||
| 080 | _a(075.8) | ||
| 100 | 1 |
_aTuliszka, Edmund _d(1920-2006) _eAutor |
|
| 245 | 1 | 0 |
_aMechanika płynów : _b[skrypt dla studentów wyższych szkół technicznych] / _cEdmund Tuliszka. |
| 260 |
_aWarszawa : _bPańst. Wydaw. Naukowe, _c1980. |
||
| 300 |
_a441, [2] s. : _bil., tab., wykr. ; _c24 cm. |
||
| 504 | _aBibliogr. s. 437-438. | ||
| 655 | 4 | _aPodręczniki akademickie | |
| 650 | 4 | _aMechanika płynów | |
| 856 |
_uhttp://koha.tu.koszalin.pl/cgi-bin/koha/opac-detail.pl?biblionumber=1556 _yKatalog online BPK |
||
| 942 |
_2UKD _cKS |
||
| 999 |
_c1556 _d1556 |
||